| 000 | 00543 a2200205 4500 | ||
|---|---|---|---|
| 003 | IN-BaIIA | ||
| 005 | 20220802171251.0 | ||
| 008 | 220802b ||||| |||| 00| 0 eng d | ||
| 020 | _a978-1-78868-387-6 | ||
| 040 | _cIIA Library | ||
| 080 | _a036(540)/ BIN | ||
| 100 |
_aBindloss, Joe _937321 |
||
| 245 |
_aLonely planet: India _cBindloss, Joe |
||
| 250 | _a19th ed. | ||
| 260 |
_bLonely Planet Global Limited _c2022 _aCartlon, Victoria |
||
| 300 | _a1253p. | ||
| 650 | _2India-guidebook | ||
| 650 | _2Lonely planet | ||
| 942 |
_2udc _cBK |
||
| 999 |
_c35925 _d35925 |
||